000
00279nam a22001217a 4500
008
180731b xxu||||| |||| 00| 0 eng d
082
_a
813.52
245
_a
Marketing PlanPro
_c
Prenhall
260
_c
2003, 2004
300
_a
1
_f
CD
440
_x
9780131485266
942
_2
ddc
_c
MX
999
_c
46691
_d
46691